Statistics for Guess the Country by Landmark

Click here to take the quiz!

General Stats

  • This quiz has been taken 75 times
  • The average score is 12 of 15

Answer Stats

Answer% Correct
China
95%
Australia
93%
Egypt
93%
India
92%
Russia
92%
United States of America
92%
Brazil
90%
France
80%
United Arab Emirates
79%
Mexico
75%
Peru
75%
Italy
72%
Spain
69%
Cambodia
66%
Jordan
59%

Score Distribution

Percentile by Number Answered

Percent of People with Each Score

Your Score History

You have not taken this quiz